Manual sobre actividad consular en materia testamentaria / (Record no. 178123)

MARC details
000 -LEADER
campo de control de longitud fija 01145nam a2200265 4500
001 - NÚMERO DE CONTROL
campo de control 178123
003 - IDENTIFICADOR DE NÚMERO DE CONTROL
campo de control ES-MaACL
005 - FECHA Y HORA DE LA ÚLTIMA TRANSACCIÓN
campo de control 20250809014414.0
008 - DATOS DE LONGITUD FIJA--INFORMACIÓN GENERAL
campo de control de longitud fija 110518s2009 sp f |||| | spa d
080 ## - NÚMERO DE LA CLASIFICACIÓN DECIMAL UNIVERSAL
Número de la Clasificación Decimal Universal 347.67(460)
100 1# - ENTRADA PRINCIPAL--NOMBRE DE PERSONA
Nombre de persona Krsnik Castelló, Sergio.
9 (RLIN) 146603
245 10 - MENCIÓN DEL TÍTULO
Título Manual sobre actividad consular en materia testamentaria /
Mención de responsabilidad, etc. Sergio Krsnik Castelló.
250 ## - MENCION DE EDICION
Mención de edición 4ª ed.
260 ## - PUBLICACIÓN, DISTRIBUCIÓN, ETC.
Lugar de publicación, distribución, etc. Madrid :
Nombre del editor, distribuidor, etc. Ministerio de Asuntos Exteriores y de Cooperación, Dirección General de Asuntos y Asistencia Consulares,
Fecha de publicación, distribución, etc. 2009.
300 ## - DESCRIPCIÓN FÍSICA
Extensión 185 p. ;
Dimensiones 22 cm.
500 ## - NOTA GENERAL
Nota general Anexos legislativos.
505 8# - NOTA DE CONTENIDO CON FORMATO
Nota de contenido con formato Contiene: Testamento abierto. Testamento cerrado. Testamento ológrafo... Actuación consular relativa a los testamentos marítimos
650 07 - PUNTO DE ACCESO ADICIONAL DE MATERIA--TÉRMINO DE MATERIA
Término de materia o nombre geográfico como elemento de entrada Testamentos-
Subdivisión geográfica España.
9 (RLIN) 17524
650 07 - PUNTO DE ACCESO ADICIONAL DE MATERIA--TÉRMINO DE MATERIA
Término de materia o nombre geográfico como elemento de entrada Derecho diplomático y consular
Fuente del encabezamiento o término embne
9 (RLIN) 11701
710 1# - ENTRADA AGREGADA--NOMBRE DE ENTIDAD CORPORATIVA
Nombre de entidad corporativa o nombre de jurisdicción como elemento de entrada España.
Unidad subordinada Ministerio de Asuntos Exteriores y de Cooperación.
9 (RLIN) 3847
852 ## - LOCALIZACIÓN
Ubicación ES-MaACL
itemnumber 184982
Sublocalización o colección R.145229
Número de control de estantería A-11201
Signatura antigua Olim: N-4205
Ubicación en estantería Depósito 1
Encuadernación Donación: Editorial
942 ## - ELEMENTOS DE ENTRADA SECUNDARIOS (KOHA)
Fuente del sistema de clasificación o colocación Clasificación decimal universal
Tipo de ítem Koha Libro impreso
Holdings
Estatus retirado Estado de pérdida Fuente del sistema de clasificación o colocación Estado de daño No para préstamo Biblioteca de origen Biblioteca actual Ubicación en estantería Fecha de adquisición Fuente de adquisición Total de préstamos Signatura topográfica completa Código de barras Visto por última vez Precio de reemplazo Tipo de ítem Koha
    Clasificación decimal universal     Biblioteca del Ateneo de Madrid Biblioteca del Ateneo de Madrid Depósito 1 18/05/2011 Donación   A-11201 1187116 23/02/2023 23/02/2023 Libro impreso